| 000 | 00734nam a2200229Ia 4500 | ||
|---|---|---|---|
| 003 | GCL | ||
| 008 | 140319s9999 xx 000 0 ara d | ||
| 040 |
_aGCL / _cGCL |
||
| 082 | 0 | 4 |
_a301 _bا ف |
| 100 | 1 | _aاحسان محمد الحسن | |
| 245 | 1 | 0 |
_aالفراغ ومشكلات استثمارة دراسة مقارنة فى علم اجتماع الفراغ / _cاحسان محمد الحسن |
| 260 |
_a[S.N] : _bدار الطليعة ، _c1986 |
||
| 300 | _a112 ص | ||
| 490 | _a | ||
| 650 | 0 | 4 | _aالاحوال الاجتماعية |
| 650 | 0 | 4 | _aالاجتماع |
| 650 | 0 | 4 | _aالشباب |
| 650 | 0 | 4 | _aالمشكلات الاجتماعية |
| 650 | 0 | 4 | _aالمسنون |
| 650 | 0 | 4 | _aالفراغ |
| 942 |
_2ddc _cBK |
||
| 999 |
_c29758 _d29758 |
||